000 00619nam a2200241Ia 4500
003 OSt
005 20220918191058.0
006 a|||||r|||| 00| 0
007 ta
008 220917b |||||||| |||| 00| 0 eng d
024 _a61,336
037 _cTextual
040 _aARTS
_cARTS
_beng
041 _2eng
_aeng
082 _aQ:g, M6
100 _aSiegel P N
_974847
245 0 _aMoek and the militant
_b Religion and power across the world
260 _aDelhi
_bO U P
_c1986
300 _a228p.
_ccm.
650 _aRELIGION
942 _hQ:g, M6
_cTEXL
_2CC
999 _c188198
_d188198